00580nam a2200133Ia 4500008004100000100003400041245013100075245008500206260005300291260001800344300000800362650001500370856006100385170221s9999 xx 000 0 und d aAbdullah Ahmed Nasser Ghasham 4aThe Impact of Global Market Environment on the Degree of Cooperation of International Strategic Alliances among Service Firms  cAbdullah Ahmed Nasser Ghasham, Nik Ab Halim Nik Abdullah, Noor Hasmini Abd Ghani bInternational Review of Management and Marketing cNovember 2012 a1:2 xMarketing. uhttp://www.econjournals.com/index.php/irmm/issue/view/72